Quizzes
Events
Quiz Creation
Community
Videos
Private Events
Remove Ads
Sign In
Join for FREE
Feedback
Dark Mode
Quiz Categories
Sports
Geography
Music
Movies
Television
Just For Fun
Miscellaneous
History
Literature
Language
Science
Gaming
Entertainment
Religion
Holiday
For Kids
Quiz Lab
Recent
Popular Today
Quiz Kudos Today
Editor Picks
Curator Picks
Quizzes by...
Day
Popularity
Type
Ratings
Length
Year
Community
Subscriptions
Recent Discussions
Orange Saloon
Badges
Playlists
Quests
Create
Leaderboards
Showdown
Live 5
Trivia Bingo
Activity
Puzzle Library
Sporcle Events
Private Events
Virtual Trivia
Globe League
Become a Host
Pub Owners
SporcleCon
Opinionation
Our Games
Videos
Blog
Mobile Apps
Partnerships
Remove Ads and Go Orange
Feedback
Just For Fun
Clickable
Get the Picture
Humor
Quick Pick
Word Ladder
Missing Word
Mixed Word
Blitz
Minefield
This or That
Alphabet
Color
Typing
Sporcle
Puzzle
Word Play
Follow That Line
Logic
Just For Fun
Clickable
Get the Picture
Humor
Quick Pick
Word Ladder
Missing Word
Mixed Word
Blitz
Minefield
This or That
Alphabet
Color
Typing
Sporcle
Puzzle
Word Play
Follow That Line
Logic
Random Quiz
Search Sporcle
×
Quiz Lab
Quiz Lab
Just For Fun
Alphabet
Type in answers that appear in a list
Type in answers that appear in a list
Classic
Best Score? Go Orange.
Alphabet of Nations Lyrics Stats
Can you name the words from They Might Be Giants-Alphabet of Nations?
By
isk646
4m
60 Questions
38 Plays
38 Plays
38 Plays
Comments
Comments
Give Quiz Kudos
Give Quiz Kudos
-
- Ratings
hide this ad
Replay
Link that replays current quiz
Next Quiz
Link to next quiz in quiz playlist
You Got
0%
They Got
Avg Score
77%
Avg Friend Score
Upgrade to see
Score Distribution
Jump to the score distribution portion of the page
Score
0/60
Timer
04:00
0
Plays Today
Lyric
% Correct
The
92.1%
And
92.1%
The
92.1%
And
92.1%
Algeria
89.5%
Algeria
89.5%
France
86.8%
France
86.8%
Bulgaria
84.2%
Iran
84.2%
Japan
84.2%
Bulgaria
84.2%
Iran
84.2%
Japan
84.2%
Cambodia
81.6%
Dominica
81.6%
Egypt
81.6%
Gambia
81.6%
Hungary
81.6%
Cambodia
81.6%
Dominica
81.6%
Egypt
81.6%
Gambia
81.6%
Hungary
81.6%
The
78.9%
Oman
76.3%
Pakistan
76.3%
Surinam
76.3%
Zimbabwe
76.3%
Oman
76.3%
Lyric
% Correct
Pakistan
76.3%
Surinam
76.3%
Zimbabwe
76.3%
Nations
76.3%
Of
76.3%
Alphabet
76.3%
Norway
73.7%
Qatar
73.7%
Russia
73.7%
Mongolia
73.7%
Mongolia
73.7%
Norway
73.7%
Qatar
73.7%
Russia
73.7%
Kazakhstan
71.1%
Libya
71.1%
Turkey
71.1%
West
71.1%
Yemen
71.1%
Kazakhstan
71.1%
Libya
71.1%
Turkey
71.1%
West
71.1%
Yemen
71.1%
Vietnam
68.4%
Xylophone
68.4%
Vietnam
68.4%
Xylophone
68.4%
Uruguay
65.8%
Uruguay
65.8%
Quiz Playlist
Details
Report
Send in Message
Add To Playlist
Classic:
Type in answers that appear in a list
Last Updated: Feb 16, 2017
Quiz Scoreboard
CHALLENGE
Sign Up to Join the Scoreboard
Show All
Scores
Hide
Comments
May contain spoilers
Recently Published
9x9 Crossword: Cartoon Network
by jackfrog10
Miscellaneous
3m
College Basketball Coaching Resumes
by pancakes188
Sports
9m
Billboard Blitz: Fleetwood Mac
by CooCooCachoo
Music
15s
More to Explore
Quiz From the Vault
Featured Blog Post
Where Did the Easter Bunny Come From?
hide this ad
You Might Also Like...
Tags
Alphabet Quiz
Nation Quiz
They Might Be Giants
Today's Top Quizzes in Just For Fun
Browse Just For Fun
hide this ad
Today's Top Quizzes in Alphabet
Browse Alphabet
Top Contributed Quizzes in Just For Fun
1
Name Just One - 10 to 1: Just For Fun
2
Killer Double Trees 224 - Colour Match-Up
3
Spring Typing Challenge
4
Crossword Whiteout! 49
5
Zeroing In: Just For Fun
6
Survivor Winners Logic Puzzle
7
Word Ladder: Ahoy Matey
8
Word Ladder: Wilderness Weapon
9
Harry Potter Logic - 'In Chains' II
10
Kyle's 122nd Triple Trees
Explore More
Trending Topics
NBA
Kpop
Marvel
Disney
Anime
Harry Potter
Crossword
Puzzle
WWE
The Office
Song
Pokémon
NFL
Country
Soccer
hide this ad
More By:
isk646
Quiz
Plays
Rating
Category
Featured
Created
Star Wars Mix
1,016
1.60
Movies
May 15, 2010
Houses(and more) from Harry Potter
605
3.10
Literature
Jun 1, 2010
Impossible quiz 3
532
1.56
Just For Fun
Aug 19, 2010
Animorphs Name Chain
471
5.00
Literature
May 28, 2011
39 Clues Safe Cracker
457
3.00
Literature
May 25, 2011
Go to Creator's Profile
Score Distribution
Quiz Creator Spotlight
isk646
Follow
Send a Message
Quizzes Created
-
Created Quiz Play Count
-
More By This Creator
Popular Quizzes Today
1
Find the US States - No Outlines Minefield
2
Find the Countries of Europe - No Outlines Minefield
3
The Countries of the World
4
Find the US States
5
Risky Map Clicking: Biggest States A-Z
6
US States
7
Popular People in 1961
8
Movies - When Are They Set?
More Just For Fun Quizzes
Missing Word: Super Bowl
Published
Trending Quizzes
Risky Map Clicking: Least Populous States A-Z
1-10 Letter G Words
1-10 Letter F Words
Risky Map Clicking: Next State Alphabetically
Adjectives in 80s TV Shows
Recently Updated
Leaping Animals
pecheneg
Reality TV Shows (A-Z)
bhenderson79
Rickey Henderson's Hall of Fame Teammates
pecheneg
Champions League XIs: Arsenal
pecheneg
Quick Pick: Celebrities in WWE's Hall of Fame
aduchscher
A-Z Keypad Blitz II
pecheneg
Multiple Oscar Actors
pecheneg
Mystery Phrase Blitz: Oscar 'Best Actors'
pecheneg
F. Scott Fitzgerald Novels
LTH
Pick 3 Villains
ddd62291
Trending Topics
Crossword
Anime
Kpop
Harry Potter
Marvel
NBA
Disney
WWE
Song
Soccer
The Office
Pokémon
NFL
Country
Puzzle
Your Account Isn't Verified!
In order to create a playlist on Sporcle, you need to verify the email address you used during registration. Go to your
Sporcle Settings
to finish the process.
Report this User
Report this user for behavior that violates our
Community Guidelines
.
Details:
Send Report
Go to the Sporcle.com Mobile Site →
Comments